Гродно (Запись № 1426196)

Подробности
000 -МАРКЕР
контрольное поле 01448nam0a2200349 4500
001 - ИДЕНТИФИКАТОР ЗАПИСИ
контрольное поле RU\NLR\bibl\1744562
005 - ИДЕНТИФИКАТОР ВЕРСИИ
контрольное поле 20260405221048.0
010 ## - МЕЖДУНАРОДНЫЙ СТАНДАРТНЫЙ НОМЕР КНИГИ (ISBN)
Номер (ISBN) 978-985-6053-35-4
Тираж 3100
035 ## - ДРУГИЕ СИСТЕМНЫЕ НОМЕРА
Идентификатор записи (NLR Aleph) 001735464
100 ## - ДАННЫЕ ОБЩЕЙ ОБРАБОТКИ
Данные общей обработки 20110310d2008 |||y0rusy50 ca
101 0# - ЯЗЫК РЕСУРСА
Язык текста, звукозаписи и т.д. белорусский
-- английский
102 ## - СТРАНА ПУБЛИКАЦИИ ИЛИ ПРОИЗВОДСТВА
Страна публикации российская федерация
105 ## - ПОЛЕ КОДИРОВАННЫХ ДАННЫХ: ТЕКСТОВЫЕ МАТЕРИАЛЫ, МОНОГРАФИЧЕСКИЕ
Кодированные данные о монографическом текстовом документе y |||||||||
200 1# - ЗАГЛАВИЕ И СВЕДЕНИЯ ОБ ОТВЕТСТВЕННОСТИ
Основное заглавие Гродно
Параллельное заглавие Grodno
Сведения, относящиеся к заглавию ў дыялогу стагоддзяў
-- альбом
Первые сведения об ответственности В.В. Калнiн
Язык параллельного заглавия английский
210 ## - ПУБЛИКАЦИЯ, РАСПРОСТРАНЕНИЕ И ДР.
Место издания, распространения и т.д. Мiнск
Имя издателя, распространителя и т. д. Кавалер
Дата издания, распространения и т.д. 2008
215 ## - ФИЗИЧЕСКАЯ ХАРАКТЕРИСТИКА
Специфическое обозначение материала и объем 253 с.
Другие сведения о физической характеристике ил., цв. ил.
Размеры 29
300 ## - ОБЩИЕ ПРИМЕЧАНИЯ
Текст примечания Авт. также на англ. яз.: V. Kalnin
300 ## - ОБЩИЕ ПРИМЕЧАНИЯ
Текст примечания Текст на белорус. и англ. яз.
510 1# - ПАРАЛЛЕЛЬНОЕ ЗАГЛАВИЕ
Связь между полями z20790
Параллельное заглавие Grodno
Язык заглавия английский
607 ## - ГЕОГРАФИЧЕСКОЕ НАИМЕНОВАНИЕ КАК ПРЕДМЕТ
Географическое наименование Гродно, город (Белоруссия)
Формальный подзаголовок Альбомы
Тематический подзаголовок Архитектура
Системный номер авторитетной/нормативной записи 1030913
Идентификатор авторитетной/нормативной записи RU\NLR\auth\6677675
607 ## - ГЕОГРАФИЧЕСКОЕ НАИМЕНОВАНИЕ КАК ПРЕДМЕТ
Географическое наименование Гродно, город (Белоруссия)
Формальный подзаголовок Альбомы
Тематический подзаголовок История
Системный номер авторитетной/нормативной записи 904976
Идентификатор авторитетной/нормативной записи RU\NLR\auth\66329572
686 ## - ИНДЕКСЫ ДРУГИХ КЛАССИФИКАЦИЙ
Индекс Т3(2Б-4Г-2Г)я6
686 ## - ИНДЕКСЫ ДРУГИХ КЛАССИФИКАЦИЙ
Индекс Щ113(2Б)92Гродно я61
700 #1 - ИМЯ ЛИЦА - ПЕРВИЧНАЯ ОТВЕТСТВЕННОСТЬ
Код отношения Автор
Материалы, к которым относится поле bel
Графика поля Кириллица
Начальный элемент ввода Калнiн
Часть имени, кроме начального элемента ввода В. В.
Даты 1942-
Расширение инициалов личного имени Валянцiн Валянцiнавiч
Идентификатор авторитетной/нормативной записи RU\NLR\auth\7799423
Системный номер авторитетной/нормативной записи 82349
790 #1 - ИМЯ ЛИЦА - АЛЬТЕРНАТИВНАЯ ФОРМА
Код отношения Автор
Материалы, к которым относится поле bel
Графика поля Латинская
Начальный элемент ввода Kalnin
Часть имени, кроме начального элемента ввода V. V.
Даты 1942-
Расширение инициалов личного имени Valjancin Valjancinavič
Идентификатор авторитетной/нормативной записи RU\NLR\auth\7799424
Системный номер авторитетной/нормативной записи 82350
801 #0 - ИСТОЧНИК ЗАПИСИ
Страна российская федерация
Организация NLR
Дата составления 20110310
Правила каталогизации RCR
801 #1 - ИСТОЧНИК ЗАПИСИ
Страна российская федерация
Организация NLR
Дата составления 20110310
830 ## - ОБЩЕЕ ПРИМЕЧАНИЕ, СОСТАВЛЕННОЕ КАТАЛОГИЗАТОРОМ
Текст примечания по кн
942 ## - ДОПОЛНИТЕЛЬНЫЕ ЭЛЕМЕНТЫ ЗАПИСИ (АБИС)
Тип экземпляра АБИС Книга
980 ## - КОЛЛЕКЦИЯ
Название коллекции Национальная библиография
Экземпляры
Тип экземпляра Дата поступления Источник поступления Стоимость Библиотека постоянного хранения Библиотека текущего хранения Место хранения Шифр хранения Штрих-код Статус не для выдачи
Книга 10.03.2011 Международный обмен 400.00 РНБ (Московский) РНБ (Московский) Русский книжный фонд: издания с 1957 года, 8этаж 2011-8/836 3371739